Selecte The correct contries - Statistics

General Stats
  • This quiz has been taken 54 times
  • The average score is 29 of 45
Answer Stats
Question Tile Select % Correct
Countries in africa No
100%
Countries in africa Yes
91%
Countries in africa No
91%
Countries in africa No
87%
Countries in africa Yes
85%
countries in Oceania No
85%
countries in Oceania No
80%
In the top 10 biggest contries No
80%
Countries in africa No
78%
Countries in africa Yes
76%
countries in Oceania No
76%
countries in Oceania No
76%
In the top 10 smallest contries No
76%
In the top 10 biggest contries Yes
76%
countries in Oceania Yes
72%
In the carabian No
72%
In the top 10 smallest contries Yes
70%
In the top 10 biggest contries No
67%
In the carabian No
67%
In the top 10 biggest contries No
65%
countries in Oceania No
63%
countries in Oceania Yes
61%
In the top 10 smallest contries No
61%
In the top 10 biggest contries Yes
61%
In the carabian No
61%
In the carabian No
59%
In the carabian No
59%
Countries in africa Yes
57%
In the top 10 biggest contries Yes
57%
countries in Oceania Yes
54%
In the top 10 biggest contries No
54%
In the carabian Yes
54%
In the top 10 smallest contries No
52%
In the carabian Yes
52%
In the carabian Yes
52%
countries in Oceania Yes
50%
In the top 10 smallest contries Yes
48%
In the top 10 biggest contries No
48%
In the carabian Yes
48%
In the top 10 smallest contries No
46%
In the top 10 smallest contries Yes
46%
In the top 10 smallest contries No
46%
Countries in africa Yes
43%
In the top 10 biggest contries Yes
41%
In the top 10 smallest contries Yes
35%
No matching quizzes found
Score Distribution
Percent of People with Each Score
Percentile by Number Answered
Your Score History
You have not taken this quiz